000 00627nam a2200205Ii 4500
003 JO-AjNU
008 230605s9999||||xx |||||||||||||| ||und||
040 _aJO-AjNU
_bara
_erda
_cJO-AjNU
041 _aara
050 1 4 _aPJ7541.E8.N37 1992
100 3 _aإعداد ناصيف،إميل,
_eauthor
_924109
245 0 0 _aأروع ما قيل في المديح
250 _aط1
264 3 1 _aبيروت: دار الجيل، 1992
300 _a160ص
336 _atext
_btxt
_2rdacontent
337 _aunmediated
_bn
_2rdamedia
338 _avolume
_bnc
_2rdacarrier
650 4 _aالأدب العربي - المديح
_924110
999 _aA8826
_c12394
_d12394